| 000 | 00625nam a2200217 i 4500 | ||
|---|---|---|---|
| 999 |
_c7378 _d7378 |
||
| 003 | OSt | ||
| 005 | 20211104130701.0 | ||
| 008 | s2020 sp 000 u spa d | ||
| 020 | _a9788441541986 | ||
| 040 |
_aCDMR _cc _bcat |
||
| 100 |
_aPascual, Víctor _94676 |
||
| 245 | _aAnalítica visual : cómo explorar, analizar y comunicar datos | ||
| 260 |
_aMadrid : _bAnaya Multimedia, _c2021 |
||
| 300 |
_a221 pàgines ; gràfics _c22 cm |
||
| 490 | _aSocial Media | ||
| 650 | 0 |
_94608 _aInfografia |
|
| 650 | 0 |
_93737 _aComunicació visual |
|
| 650 | 0 |
_94688 _aAnalítica visual |
|
| 700 | 1 |
_92297 _aRovira, Pere |
|
| 942 |
_2udc _cMON |
||